<?xml version="1.0" encoding="UTF-8"?>
<record
    xmlns:xsi="http://www.w3.org/2001/XMLSchema-instance"
    xsi:schemaLocation="http://www.loc.gov/MARC21/slim http://www.loc.gov/standards/marcxml/schema/MARC21slim.xsd"
    xmlns="http://www.loc.gov/MARC21/slim">

  <leader>     nam a22        4500</leader>
  <datafield tag="999" ind1=" " ind2=" ">
    <subfield code="c">30187</subfield>
    <subfield code="d">30187</subfield>
  </datafield>
  <controlfield tag="008">190411b        xxu||||| |||| 00| 0 eng d</controlfield>
  <datafield tag="020" ind1=" " ind2=" ">
    <subfield code="a">9789966103451</subfield>
  </datafield>
  <datafield tag="050" ind1=" " ind2=" ">
    <subfield code="a">BP 43</subfield>
    <subfield code="b"> .J86 2016</subfield>
  </datafield>
  <datafield tag="100" ind1=" " ind2=" ">
    <subfield code="a">Juma Mishi Abdulrahman </subfield>
  </datafield>
  <datafield tag="245" ind1=" " ind2=" ">
    <subfield code="a">Crescent Islamic religious education secondary schools students' book four/  :</subfield>
    <subfield code="c">Mishi abdulrahman juma...[et al.].</subfield>
  </datafield>
  <datafield tag="260" ind1=" " ind2=" ">
    <subfield code="a">Nairobi :</subfield>
    <subfield code="b">Kenya Literature Bureau,</subfield>
    <subfield code="c">2016</subfield>
  </datafield>
  <datafield tag="300" ind1=" " ind2=" ">
    <subfield code="a">vii,111p. ;</subfield>
    <subfield code="c">25cm</subfield>
  </datafield>
  <datafield tag="650" ind1=" " ind2=" ">
    <subfield code="a">Islamic</subfield>
    <subfield code="x">Religion</subfield>
    <subfield code="y">Secondary Education</subfield>
  </datafield>
  <datafield tag="942" ind1=" " ind2=" ">
    <subfield code="2">lcc</subfield>
    <subfield code="c">AFRICANA</subfield>
    <subfield code="h">BP 43 .J86 2016</subfield>
  </datafield>
  <datafield tag="952" ind1=" " ind2=" ">
    <subfield code="0">0</subfield>
    <subfield code="1">0</subfield>
    <subfield code="2">lcc</subfield>
    <subfield code="4">0</subfield>
    <subfield code="7">0</subfield>
    <subfield code="a">MUC</subfield>
    <subfield code="b">MUC</subfield>
    <subfield code="c">AFR</subfield>
    <subfield code="d">2019-04-11</subfield>
    <subfield code="e">TBC</subfield>
    <subfield code="g">510.34</subfield>
    <subfield code="l">1</subfield>
    <subfield code="o">AFR BP 43 .J86 2016</subfield>
    <subfield code="p">38674</subfield>
    <subfield code="r">2021-11-22</subfield>
    <subfield code="s">2021-11-22</subfield>
    <subfield code="w">2019-04-11</subfield>
    <subfield code="y">AFRICANA</subfield>
  </datafield>
  <datafield tag="952" ind1=" " ind2=" ">
    <subfield code="0">0</subfield>
    <subfield code="1">0</subfield>
    <subfield code="2">lcc</subfield>
    <subfield code="4">0</subfield>
    <subfield code="7">0</subfield>
    <subfield code="a">MUC</subfield>
    <subfield code="b">MUC</subfield>
    <subfield code="c">AFR</subfield>
    <subfield code="d">2019-04-11</subfield>
    <subfield code="e">TBC</subfield>
    <subfield code="g">510.34</subfield>
    <subfield code="l">1</subfield>
    <subfield code="o">BP 43 .J86 2016</subfield>
    <subfield code="p">38675</subfield>
    <subfield code="r">2021-12-03</subfield>
    <subfield code="s">2021-12-03</subfield>
    <subfield code="w">2019-04-11</subfield>
    <subfield code="y">AFRICANA</subfield>
  </datafield>
</record>
